LEADER 01289nam a2200253 i 4500 001 000000142902 003 CaOOAMICUS 005 20050914000000.0 008 050914s1964 it u000 u ita u 013 $a118258 040 $aSeMil$bita 245 13$aLa logica di Abelardo /$cM.T. Beonio-Brocchieri Fumagalli. 260 $aFirenze :$bLa Nuova Italia,$cCopyr. 1964. 300 $a87 p. ;$c25 cm. 490 0 $aPubblicazioni dell'Istituto di Storia della filosofia dell'Universitą degli Studi di Milano ;$v6 490 0 $aPubblicazioni della Facoltą di lettere e filosofia dell'Universitą di Milano ;$v37. 500 $aContiene : Appendice ; Bibliografia. 650 4$aAbelardo, Pietro <1079-1142> - Logica.$0(OLS)http://semarc/subject/28109 830 0$aPubblicazioni dell'Istituto di Storia della filosofia dell'Universitą degli Studi di Milano ;$v6.$0(OLS)http://semarc/title/18885 830 0$aPubblicazioni della Facoltą di lettere e filosofia dell'Universitą di Milano ;$v37.$0(OLS)http://semarc/title/22066 850 $aSeMil 852 $aSeMil$W1$xVenegono$y1$m2R III 250$j96037$B96037$CSeMilBibl$Z2$F102912 $81 996 $6245$aLa logica di Abelardo$9(OLS)http://semarc/title/209060 996 $6260$aFirenze :$bLa Nuova Italia$9(OLS)http://semarc/publisher/30055 LEADER 01047nam a2200265 i 4500 001 000000133430 003 CaOOAMICUS 005 20080725000000.0 008 080725s2001 it u000 u ita u 013 $a106449 020 $a88-87467-60-9 040 $aSeMil$bita 100 1 $aDerrida, Jacques,$d<1930-2004>.$0(OLS)http://semarc/name/3649 245 10$aDimora :$bMaurice Blanchot /$cJacques Derrida ; a cura di Francesco Garritano. 260 $aBari :$bPalomar,$cc2001. 300 $a184 p. ;$c21 cm. 490 0 $aPalomar Dia-loghi ;$v6 700 1 $aGarritano, Francesco.$0(OLS)http://semarc/name/38029 830 0$aPalomar Dia-loghi [Palomar] ;$v6.$0(OLS)http://semarc/title/17015 850 $aSeMil 852 $aSeMil$W1$xVenegono$y1$m2P II 19$j87270$B87270$CSeMilBibl$Z2$F93842 $81 961 $aAcquisto: Palomar 996 $6020$a88-87467-60-9$9(OLS)http://semarc/number/120579 996 $6245$aDimora :$bMaurice Blanchot$9(OLS)http://semarc/title/195555 996 $6260$aBari :$bPalomar$9(OLS)http://semarc/publisher/33524 LEADER 00920nam a2200241 i 4500 001 000000181143 003 CaOOAMICUS 005 20090821000000.0 008 090821s1960 it u000 u ita u 013 $a158969 040 $aSeMil$bita 100 1 $aMarius Mercator .$0(OLS)http://semarc/name/39837 245 12$aI memoriali antipelagiani /$cMercatore Mario ; a cura di Serafino Prete. 260 $aSiena :$bCantagalli,$c1960. 300 $a74 p. ;$c18 cm. 490 0 $aI classici cristiani 700 1 $aPrete, Serafino.$0(OLS)http://semarc/name/9428 830 2$aI classici cristiani.$0(OLS)http://semarc/title/386 850 $aSeMil 852 $aSeMil$W1$xVenegono$y1$m2S I 469$j131891$B131891$CSeMilBibl$Z2$F143703 $81 961 $aOmaggio: Altro 996 $6245$aI memoriali antipelagiani$9(OLS)http://semarc/title/260084 996 $6260$aSiena :$bCantagalli$9(OLS)http://semarc/publisher/29767 LEADER 01531nam a2200325 i 4500 001 000000118886 003 CaOOAMICUS 005 20031010000000.0 008 031010s2001 it u000 u ita u 013 $a91579 020 $a88-8236-158-6 040 $aSeMil$bita 100 1 $aLedrus, Michel,$c.$0(OLS)http://semarc/name/18547 245 10$aObbedienza e discernimento :$bla condotta spirituale nella dottrina di S. Ignazio di Loyola /$cMichel Ledrus ; a cura di Angelo Tulumello. 260 $aCerro Maggiore (MI) :$bGruppo Edicom,$ccopyr. 2001. 300 $a173 p. ;$c21 cm. 490 0 $aTempi e societą 500 $aFondo Card. C.M. Martini. 650 4$aDiscernimento spirituale.$0(OLS)http://semarc/subject/1384 650 4$aObbedienza.$0(OLS)http://semarc/subject/10045 650 4$aIgnazio : di Loyola - Spiritualitą.$0(OLS)http://semarc/subject/16407 700 1 $aTulumello, Angelo,$c.$0(OLS)http://semarc/name/92491 830 0$aTempi e societą [Gruppo Edicom].$0(OLS)http://semarc/title/13007 850 $aSeMil 852 $aSeMil$W1$xVenegono$y1$m2C IV 421$j74132$B74132$CSeMilBibl$Z2$F98937 $81 941 1 $a4 961 $aOmaggio: Martini Card. Carlo Maria 996 $6020$a88-8236-158-6$9(OLS)http://semarc/number/103579 996 $6245$aObbedienza e discernimento :$bla condotta spirituale nella dottrina di S. Ignazio di Loyola$9(OLS)http://semarc/title/174641 996 $6260$aCerro Maggiore (MI) :$bGruppo Edicom$9(OLS)http://semarc/publisher/32692